Rozprávkový Alibaba

Bibliographic Details
Main Author: Štefánik, Pavol, 1920-2010 (Author)
Other Authors: Suchalová Harichová, Ľubica, 1958- (gup)
Format: Article
Language:Slovak
PhysicalDescription:Noty.
Subjects:

MARC

LEADER 00000nab a2200000 a 4500
001 vtls000301172
003 SK-MaSNL
005 20260304003124.0
008 111201c1988 xo 0 slo
015 |a SNBRB19rr/mm-uuuuu 
035 |a CL0311291 
040 |a SNKBUCL  |b slo  |c SNKBUCL  |e AACR2 
041 0 |a slo 
044 |a xo  |c SK 
080 |a 885.4-1(087.5)  |2 1981 
080 |a 784.67  |2 1981 
100 1 |a Štefánik, Pavol,  |d 1920-2010  |4 aut  |9 13609 
245 1 0 |a Rozprávkový Alibaba  |c P. Štefánik ; Pavol Štefánik, Ľuba Suchalová 
300 |b Noty. 
650 0 7 |a detské piesne  |2 snkbucl  |9 3415 
655 7 |a články z novín a časopisov  |2 snkbucl  |9 267496 
655 7 |a články z odboru literárna veda a krásna literatúra  |2 snkbucl  |9 770045 
700 1 |a Štefánik, Pavol,  |d 1920-2010  |4 aut  |9 13609 
700 1 |a Suchalová Harichová, Ľubica,  |d 1958-  |4 gup  |9 239876 
773 0 |t Ohník  |g Roč. 40, č. 9 (1987/1988), s. 1 
850 |a Slovenská národná knižnica v Martine  |a MTA001 
852 |a SNK  |b KIS3GCP 
958 |a RK 
958 |a LX 
992 |a RBX 
999 |c 2545607  |d 2547537